| 000 | 00548nam a22001817a 4500 | ||
|---|---|---|---|
| 999 |
_c18925 _d18925 |
||
| 003 | AR-CdUCM | ||
| 008 | 190515b ||||| |||| 00| 0 spa d | ||
| 040 |
_aMUNICIPALIDAD PROVINCIAL DEL CUSCO _cBIBLIOTECA MUNICIPAL DEL CUSCO |
||
| 082 |
_a631.7 / _bAG32 |
||
| 110 |
_aPLAN MERISS INKA. _939846 |
||
| 245 | _aEl agua en nuestras manos / | ||
| 260 |
_aCusco : _bPlan Meriss Inka, _c1995. |
||
| 300 |
_a152 páginas ; _c21 cm. |
||
| 650 |
_aAgua. _919441 |
||
| 650 |
_aElemento químico. _939847 |
||
| 942 |
_2ddc _cLIBROS |
||
| 945 |
_arum _d2019-05-15 |
||